000 00552cam a22002171 4500
001 sa 65009597
003 DLC
005 20260227112203.0
008 890921m19629999ii 000 0 urdr
010 _asa 65009597
035 _a(OCoLC)20376899
040 _aDLC
_cWaU
_dDLC
042 _apremarc
050 0 0 _aPK2200.B495
_bP3
100 1 _aBhūpālī, ʻAbdulāḥad K̲h̲ān̲.
245 1 0 _aPāndān vālī k̲h̲ālā.
260 _a[Bhopal,
_c1962-
300 _av.
_c19 cm.
500 _aIn Urdu.
500 _aText partially vocalized.
999 _c66290
_d66290